书目信息 |
| 题名: |
中共路北年鉴.2010年卷
|
|
| 作者: | ;《中共路北年鉴》编纂委员会 编 | |
| 分册: | ||
| 出版信息: | 北京 中央文献出版社 2010.12 |
|
| 页数: | 528页 | |
| 开本: | 20cm | |
| 丛书名: | ||
| 单 册: | ||
| 中图分类: | D235.223-54 | |
| 科图分类: | ||
| 主题词: | 中国共产党 | |
| 电子资源: | ||
| ISBN: | 7-5073-3174-1 | |
| 000 | 00727nam0 2200193 450 | |
| 001 | 2634459124 | |
| 005 | 20260410095150.27 | |
| 010 | @a7-5073-3174-1@dCNY46.00 | |
| 100 | @a20260410d2010 km y0chiy0120 ea | |
| 101 | 0 | @achi |
| 102 | @aCN@b110000 | |
| 200 | 1 | @a中共路北年鉴.2010年卷@AZhong Gong Lu Bei Nian Jian.2010 Nian Juan@f《中共路北年鉴》编纂委员会编@F《Zhong Gong Lu Bei Nian Jian》Bian Zuan Wei Yuan Hui Bian |
| 210 | @a北京@c中央文献出版社@d2010.12 | |
| 215 | @a528页@d20cm | |
| 606 | 0 | @a中国共产党 |
| 690 | @aD235.223-54@v4 | |
| 711 | 02 | @a《中共路北年鉴》编纂委员会@A《Zhong Gong Lu Bei Nian Jian》Bian Zuan Wei Yuan Hui@4编 |
| 801 | 0 | @aCN@b大连网信软件有限公司图书馆·11@c20260410 |
| 905 | @aZUCC@dD235.223-54@eZW101 | |
| 中共路北年鉴.2010年卷/《中共路北年鉴》编纂委员会编.-北京:中央文献出版社,2010.12 |
| 528页;20cm |
| ISBN 7-5073-3174-1:CNY46.00 |
| ● |
| 相关链接 |
|
|
|
|
正题名:中共路北年鉴.2010年卷
索取号:D235.223-54/ZW101
 
预约/预借
| 序号 | 登录号 | 条形码 | 馆藏地/架位号 | 状态 | 备注 |
| 1 | 7511702 | 275117026 | 密集书库-文学院/ [索取号:D235.223-54/ZW101] | 在馆 |